[Event "Yerevan Margaryan Memorial GM"]
[Site "Yerevan"]
[Date "2024.01.09"]
[Round "2"]
[White "Davtyan, Arsen"]
[Black "Ohanyan, Emin"]
[Result "1/2-1/2"]
[WhiteElo "2392"]
[BlackElo "2456"]
[PlyCount "65"]
[EventDate "2024.01.08"]
[EventType "tourn"]
[EventRounds "9"]
[EventCountry "ARM"]
[EventCategory "8"]
[SourceTitle "CB04_2024"]
[SourceDate "2023.10.16"]
[SourceVersion "1"]
[SourceVersionDate "2023.10.16"]
[SourceQuality "1"]

1. d4 Nf6 2. c4 e6 3. Nf3 d5 4. g3 Bb4+ 5. Bd2 a5 6. Bg2 0-0 7. 0-0 dxc4 8. Qc2 Bxd2 9. Nbxd2 b5 10. a4 c6 11. b3 cxb3 12. Nxb3 Nd5 13. e4 Nb4 14. Qc3 Ba6 15. Rfd1 Nd7 16. axb5 Bxb5 17. Nxa5 Rxa5 18. Qxb4 Rxa1 19. Rxa1 Nf6 20. Ne5 Nd7 21. Nc4 Bxc4 22. Qxc4 Qb6 23. Rc1 Rd8 24. Bf3 g6 25. Kg2 Nf6 26. Rd1 Kg7 27. Rd3 Qb5 28. Rc3 Qb6 29. Rd3 h5 30. h4 Qb5 31. Rc3 Qb6 32. Rd3 Qb5 33. Rc3 1/2-1/2

[Event "Yerevan Yeghiazaryan Memorial"]
[Site "Yerevan"]
[Date "2023.08.03"]
[Round "3"]
[White "Mkrtchian, Simon"]
[Black "Davtyan, Arsen"]
[Result "0-1"]
[WhiteElo "2304"]
[BlackElo "2372"]
[PlyCount "110"]
[EventDate "2023.08.01"]
[EventType "tourn"]
[EventRounds "9"]
[EventCountry "ARM"]
[EventCategory "6"]
[SourceTitle "CBM 215 Extra"]
[Source "ChessBase"]
[SourceDate "2023.09.30"]
[SourceVersion "1"]
[SourceVersionDate "2023.09.30"]
[SourceQuality "1"]

1. c4 Nf6 2. Nc3 e6 3. Nf3 d5 4. e3 b6 5. b3 Bb7 6. Bb2 Nbd7 7. Be2 Bd6 8. Qc2 a6 9. 0-0 0-0 10. Rad1 Qe7 11. Rfe1 Rac8 12. cxd5 exd5 13. Bf1 Ne5 14. Nxe5 Qxe5 15. f4 Qe7 16. Ne2 Qe4 17. Qxe4 Nxe4 18. d3 Nc5 19. Nd4 Rfe8 20. g3 Be7 21. Bh3 Rcd8 22. Nf3 a5 23. Kf2 Ba6 24. Bf1 Ra8 25. Ne5 Bb7 26. Bc3 f6 27. Nf3 Ba6 28. Rd2 Nb7 29. Bh3 Kf7 30. Nd4 Nc5 31. Red1 Bf8 32. Bg2 Rad8 33. Nc6 Rd7 34. Bh3 Rd6 35. Nd4 Nb7 36. Bg2 c5 37. Nf5 Rd7 38. e4 g6 39. Nh4 d4 40. Bb2 Nd6 41. e5 fxe5 42. Bc6 e4 43. Bxd7 e3+ 44. Ke2 Re7 45. Rc2 Rxd7 46. Nf3 Bg7 47. a3 Ke6 48. b4 Kd5 49. Ne1 Bb5 50. Rb1 axb4 51. axb4 c4 52. dxc4+ Nxc4 53. Nd3 Ke4 54. Rd1 Nxb2 55. Rxb2 Rc7 0-1

[Event "EU-chT U18"]
[Site "Iasi"]
[Date "2023.07.26"]
[Round "3.4"]
[White "Davtyan, Arsen"]
[Black "Vagman, Roy"]
[Result "1-0"]
[WhiteElo "2356"]
[BlackElo "2276"]
[PlyCount "185"]
[EventDate "2023.07.24"]
[EventType "team-swiss"]
[EventRounds "7"]
[EventCountry "ROU"]
[SourceTitle "CBM 215 Extra"]
[Source "ChessBase"]
[SourceDate "2023.09.30"]
[SourceVersion "1"]
[SourceVersionDate "2023.09.30"]
[SourceQuality "1"]
[WhiteTeam "Armenia U18"]
[BlackTeam "Israel Blue U18"]
[WhiteTeamCountry "ARM"]
[BlackTeamCountry "ISR"]

1. d4 d5 2. c4 e6 3. Nf3 Nf6 4. g3 h6 5. Bg2 Bd6 6. 0-0 0-0 7. Qc2 b6 8. Nc3 Bb7 9. cxd5 exd5 10. Nb5 Qd7 11. Nxd6 cxd6 12. Bf4 Rc8 13. Qb3 Nc6 14. Rfc1 Na5 15. Qd3 Bc6 16. Qd1 Bb5 17. a4 Ba6 18. b4 Nc4 19. b5 Bb7 20. Nd2 Na5 21. Ra3 a6 22. bxa6 Bxa6 23. Rac3 Rxc3 24. Rxc3 Re8 25. Bf3 Nc4 26. h4 Rc8 27. Qb3 Nxd2 28. Bxd2 Rxc3 29. Bxc3 Qc6 30. Bb2 Ne4 31. h5 Bc4 32. Qb4 Ba6 33. Qb3 Bc4 34. Qc2 b5 35. axb5 Qxb5 36. Ba3 Qa5 37. Bxe4 Qxa3 38. Bxd5 Qa1+ 39. Kh2 Bxd5 40. Qc8+ Kh7 41. Qf5+ Kg8 42. Qxd5 Qf1 43. Qa8+ Kh7 44. Qe4+ Kg8 45. Qe8+ Kh7 46. Qe4+ Kg8 47. Qe8+ Kh7 48. Qxf7 Qxe2 49. Qf5+ Kh8 50. Kg2 Qa6 51. Qd5 Qb6 52. Kf3 Qd8 53. Qf5 Qb6 54. Qe4 Qd8 55. Qg6 Qf8+ 56. Ke3 Qe7+ 57. Kf3 Qf8+ 58. Kg2 Qa8+ 59. f3 Qb8 60. Kh3 Qc8+ 61. Kh4 Qd8+ 62. Kg4 Qd7+ 63. Kf4 Qe7 64. Qf5 Qe8 65. Qd5 Qf8+ 66. Ke4 Qe8+ 67. Kd3 Qb8 68. Ke3 Qe8+ 69. Kf2 Qb8 70. Kg2 Qc7 71. Kh3 Qc8+ 72. Kh4 Qd7 73. Qa8+ Kh7 74. Qe4+ Kh8 75. Qg6 d5 76. Qa6 Qe7+ 77. Kh3 Qf7 78. Qc8+ Kh7 79. Kg4 g6 80. hxg6+ Qxg6+ 81. Kh3 Qh5+ 82. Kg2 Qf7 83. Qc2+ Kg7 84. Qe2 Qb7 85. Qe5+ Kh7 86. Kh3 Qc8+ 87. Kh4 Qd7 88. Qf6 Qb5 89. Kg4 Qc4 90. Kh5 Qf1 91. Qf7+ Kh8 92. Kg6 Qb1+ 93. Qf5 1-0

[Event "Batumi Municipality Cup"]
[Site "Batumi"]
[Date "2023.07.03"]
[Round "2"]
[White "Gasparyan, Erik R"]
[Black "Davtyan, Arsen"]
[Result "1/2-1/2"]
[WhiteElo "2235"]
[BlackElo "2356"]
[PlyCount "76"]
[EventDate "2023.07.02"]
[EventType "swiss"]
[EventRounds "9"]
[EventCountry "GEO"]
[SourceTitle "CBM 215 Extra"]
[Source "ChessBase"]
[SourceDate "2023.09.30"]
[SourceVersion "1"]
[SourceVersionDate "2023.09.30"]
[SourceQuality "1"]

1. e4 e5 2. Nf3 Nc6 3. Nc3 Nf6 4. Bb5 Nd4 5. 0-0 c6 6. Bd3 Nxf3+ 7. Qxf3 d6 8. Bc4 Be7 9. a4 g5 10. d3 Rg8 11. b4 h5 12. a5 h4 13. Qe2 Be6 14. b5 cxb5 15. Bxb5+ Kf8 16. a6 bxa6 17. Rxa6 Ne8 18. Ra4 Kg7 19. Nd5 Nc7 20. Bc6 Nxd5 21. exd5 Bd7 22. Ra6 Bxc6 23. dxc6 Bf6 24. Be3 Qe7 25. Rfa1 Rgc8 26. Qg4 Rc7 27. Qe4 Qe8 28. R1a4 Qe6 29. c4 Rac8 30. R4a5 Qe8 31. Qf5 Rb8 32. Rb5 Qc8 33. Qxc8 Rbxc8 34. Rb7 Rxc6 35. Raxa7 d5 36. Rxf7+ Kg6 37. Rfd7 dxc4 38. dxc4 Rxc4 1/2-1/2

[Event "Cheliabinsk Lozovatsky Memorial-A"]
[Site "Cheliabinsk"]
[Date "2023.01.27"]
[Round "1"]
[White "Nurdinov, Iliya"]
[Black "Davtyan, Arsen"]
[Result "0-1"]
[WhiteElo "2005"]
[BlackElo "2293"]
[PlyCount "74"]
[EventDate "2023.01.27"]
[EventType "swiss"]
[EventRounds "10"]
[EventCountry "RUS"]
[SourceTitle "CBM 212 Extra"]
[Source "ChessBase"]
[SourceDate "2023.03.31"]
[SourceVersion "1"]
[SourceVersionDate "2023.03.31"]
[SourceQuality "1"]

1. e4 e5 2. Nf3 Nc6 3. Nc3 Nf6 4. d4 exd4 5. Nxd4 Bb4 6. Nxc6 bxc6 7. Bd3 d6 8. Bg5 h6 9. Bh4 g5 10. Bg3 Bg4 11. f3 Be6 12. a3 Ba5 13. b4 Bb6 14. Na4 Bd4 15. c3 Be3 16. Ba6 Bc8 17. Qe2 Bxa6 18. Qxa6 Qd7 19. Ke2 Bf4 20. Rad1 0-0 21. Nc5 Qe8 22. Bxf4 gxf4 23. Nd3 Nd5 24. Kd2 Nb6 25. Rhe1 Qe6 26. Re2 Qb3 27. Rc1 f5 28. Nxf4 fxe4 29. Rxe4 d5 30. Rd4 Nc4+ 31. Rxc4 dxc4 32. Ne6 Qb2+ 33. Rc2 Rad8+ 34. Nd4 Rxd4+ 35. cxd4 Qxd4+ 36. Kc1 Qa1+ 37. Kd2 Rd8+ 0-1

[Event "Yerevan Margaryan Memorial IM"]
[Site "Yerevan"]
[Date "2023.01.10"]
[Round "3"]
[White "Agasarov, Benik"]
[Black "Davtyan, Arsen"]
[Result "1-0"]
[WhiteElo "2249"]
[BlackElo "2293"]
[PlyCount "95"]
[EventDate "2023.01.08"]
[EventType "tourn"]
[EventRounds "9"]
[EventCountry "ARM"]
[EventCategory "2"]
[SourceTitle "CBM 212 Extra"]
[Source "ChessBase"]
[SourceDate "2023.03.31"]
[SourceVersion "1"]
[SourceVersionDate "2023.03.31"]
[SourceQuality "1"]

1. e4 e5 2. Nf3 Nc6 3. Bb5 a6 4. Ba4 Nf6 5. Nc3 Bc5 6. d3 0-0 7. 0-0 d6 8. Bg5 h6 9. Bh4 Bg4 10. Bxc6 bxc6 11. h3 Bxf3 12. Qxf3 g5 13. Bg3 Ne8 14. Nd1 Rb8 15. b3 Ng7 16. Ne3 Bxe3 17. fxe3 f6 18. Rf2 Qd7 19. Raf1 Rf7 20. Qe2 Qe6 21. c4 Rbf8 22. Bh2 f5 23. exf5 Rxf5 24. Bg3 Qg6 25. Rxf5 Rxf5 26. Rxf5 Nxf5 27. Bf2 c5 28. Qf3 Ne7 29. Qa8+ Kf7 30. Qf3+ Ke8 31. e4 Qe6 32. Be3 Ng6 33. Qh5 Qg8 34. Qxh6 Nf4 35. Kh2 Kd7 36. g3 Ne6 37. Qf6 a5 38. Bd2 Kc6 39. Bxa5 Nd4 40. Qe7 Ne6 41. a3 Qg6 42. b4 cxb4 43. axb4 Qh5 44. g4 Qh4 45. Qf7 Kb7 46. b5 Ka8 47. b6 Nf4 48. b7+ 1-0

[Event "EU-ch U16 30th"]
[Site "Antalya"]
[Date "2022.11.09"]
[Round "4"]
[White "Macias Pino, Diego"]
[Black "Davtyan, Arsen"]
[Result "1-0"]
[WhiteElo "2381"]
[BlackElo "2298"]
[PlyCount "63"]
[EventDate "2022.11.06"]
[EventType "swiss"]
[EventRounds "9"]
[EventCountry "TUR"]
[SourceTitle "CBM 211 Extra"]
[Source "ChessBase"]
[SourceDate "2023.01.31"]
[SourceVersion "1"]
[SourceVersionDate "2023.01.31"]
[SourceQuality "1"]

1. e4 e5 2. Nf3 Nc6 3. d4 exd4 4. Bc4 Nf6 5. e5 d5 6. Bb5 Ne4 7. Nxd4 Bd7 8. Bxc6 bxc6 9. 0-0 Be7 10. f3 Ng5 11. Be3 0-0 12. Nb3 Ne6 13. f4 g6 14. Nc3 f6 15. Qd2 Qb8 16. Ne4 fxe5 17. fxe5 Qd8 18. Rxf8+ Nxf8 19. Nf6+ Bxf6 20. exf6 Qxf6 21. Rf1 Qh4 22. Bg5 Qh5 23. Nd4 Re8 24. Nxc6 Qe2 25. Qf4 Bf5 26. Qxc7 Nd7 27. Nd4 Qe5 28. Qxa7 Bg4 29. Bf4 Qh5 30. h3 Bxh3 31. gxh3 Qxh3 32. Qa3 1-0

[Event "EU-ch U16 30th"]
[Site "Antalya"]
[Date "2022.11.08"]
[Round "3"]
[White "Davtyan, Arsen"]
[Black "Grebnev, Aleksey"]
[Result "1-0"]
[WhiteElo "2298"]
[BlackElo "2477"]
[PlyCount "63"]
[EventDate "2022.11.06"]
[EventType "swiss"]
[EventRounds "9"]
[EventCountry "TUR"]
[SourceTitle "CBM 211 Extra"]
[Source "ChessBase"]
[SourceDate "2023.01.31"]
[SourceVersion "1"]
[SourceVersionDate "2023.01.31"]
[SourceQuality "1"]

1. d4 Nf6 2. c4 e6 3. Nc3 Bb4 4. a3 Bxc3+ 5. bxc3 c5 6. e3 Nc6 7. Bd3 0-0 8. Ne2 b6 9. e4 Ne8 10. 0-0 Ba6 11. Be3 Nd6 12. dxc5 Nxc4 13. Bxc4 Bxc4 14. Re1 b5 15. Qd6 Qh4 16. f3 Rfd8 17. Nd4 Rac8 18. Rad1 Qf6 19. Qg3 Qe5 20. Qh4 Na5 21. Bf2 Qf6 22. Qxf6 gxf6 23. Bh4 Rxc5 24. Bxf6 Rdc8 25. f4 h6 26. Re3 Kh7 27. Nf3 d5 28. Ne5 Rg8 29. Rh3 Rc7 30. g4 Rg6 31. Nxg6 Kxg6 32. Bd8 1-0

[Event "EU-ch U16 30th"]
[Site "Antalya"]
[Date "2022.11.07"]
[Round "2"]
[White "Darsadze, Nikoloz"]
[Black "Davtyan, Arsen"]
[Result "0-1"]
[WhiteElo "1830"]
[BlackElo "2298"]
[PlyCount "31"]
[EventDate "2022.11.06"]
[EventType "swiss"]
[EventRounds "9"]
[EventCountry "TUR"]
[SourceTitle "EXT 2024"]
[Source "ChessBase"]
[SourceDate "2023.10.10"]
[SourceVersion "1"]
[SourceVersionDate "2023.10.10"]
[SourceQuality "1"]

1. d4 Nf6 2. c4 e6 3. Nf3 d5 4. Nc3 Bb4 5. Bg5 h6 6. Bxf6 Qxf6 7. e3 0-0 8. a3 Bxc3+ 9. bxc3 dxc4 10. Bxc4 b6 11. 0-0 Nc6 12. Qe2 a6 13. Nd2 Bd7 14. f4 Rfd8 15. Rab1 g6 16. e4 0-1

[Event "Yerevan op-A 4th"]
[Site "Yerevan"]
[Date "2022.10.17"]
[Round "8"]
[White "Sivuk, Vitaly"]
[Black "Davtyan, Arsen"]
[Result "1/2-1/2"]
[WhiteElo "2600"]
[BlackElo "2346"]
[PlyCount "76"]
[EventDate "2022.10.10"]
[EventType "swiss"]
[EventRounds "9"]
[EventCountry "ARM"]
[SourceTitle "CBM 210 Extra"]
[Source "ChessBase"]
[SourceDate "2022.11.30"]
[SourceVersion "1"]
[SourceVersionDate "2022.11.30"]
[SourceQuality "1"]

1. d4 Nf6 2. c4 e6 3. Nc3 d5 4. Bg5 Be7 5. Nf3 0-0 6. e3 h6 7. Bf4 c5 8. dxc5 Bxc5 9. Qc2 Bd6 10. Bxd6 Qxd6 11. 0-0-0 Nc6 12. a3 Rd8 13. Rg1 Ne5 14. Nxe5 Qxe5 15. g4 Bd7 16. Rg3 dxc4 17. f4 Qc5 18. g5 hxg5 19. fxg5 Nh5 20. Rh3 Qxg5 21. Qe2 Nf6 22. Rg3 Qh6 23. Bg2 Bc6 24. Rg1 g6 25. Bxc6 bxc6 26. Qxc4 Nd5 27. Qe4 Kf8 28. Ne2 Qxh2 29. Nd4 Rab8 30. R3g2 Qh3 31. Rxg6 Ke7 32. Nxc6+ Kd6 33. Nxd8 fxg6 34. Nf7+ Ke7 35. Ne5 Qh2 36. Nxg6+ Kd6 37. Qg2 Qxg2 38. Rxg2 Nxe3 1/2-1/2

[Event "Yerevan op-A 4th"]
[Site "Yerevan"]
[Date "2022.10.14"]
[Round "5"]
[White "Davtyan, Arsen"]
[Black "Hayrapetyan, Hovik"]
[Result "0-1"]
[WhiteElo "2346"]
[BlackElo "2476"]
[PlyCount "110"]
[EventDate "2022.10.10"]
[EventType "swiss"]
[EventRounds "9"]
[EventCountry "ARM"]
[SourceTitle "CBM 210 Extra"]
[Source "ChessBase"]
[SourceDate "2022.11.30"]
[SourceVersion "1"]
[SourceVersionDate "2022.11.30"]
[SourceQuality "1"]

1. d4 Nf6 2. c4 e6 3. Nc3 Bb4 4. f3 d5 5. a3 Bxc3+ 6. bxc3 c5 7. cxd5 Nxd5 8. dxc5 Qa5 9. e4 Nf6 10. Be3 0-0 11. Qb3 Nfd7 12. a4 Qc7 13. Qa3 b6 14. cxb6 axb6 15. Nh3 Ba6 16. Bxa6 Nxa6 17. 0-0 Nac5 18. Qb4 Ra5 19. Bxc5 bxc5 20. Qa3 Rfa8 21. Rfd1 h6 22. Nf2 Nb6 23. Qb3 Nxa4 24. c4 Rb8 25. Qe3 Nb2 26. Rxa5 Qxa5 27. Rc1 Rd8 28. h4 Rd4 29. Qf4 Nxc4 30. Rb1 Rd8 31. h5 Qa2 32. Rb5 Qa1+ 33. Kh2 Qd4 34. Ng4 Nd6 35. Rb6 c4 36. Rc6 f5 37. Ne5 fxe4 38. Ng6 Qf6 39. fxe4 Qxf4+ 40. Nxf4 Nxe4 41. Nxe6 Rd6 42. Rc8+ Kf7 43. Nd8+ Kf6 44. Rxc4 Kf5 45. Nc6 Nf6 46. Kh3 Rd3+ 47. g3 Ne4 48. Ne7+ Ke5 49. Ng6+ Kd5 50. Rc7 Rxg3+ 51. Kh4 Rg5 52. Rxg7 Kd6 53. Ne7 Rxg7 54. Nf5+ Ke5 55. Nxg7 Nd6 0-1

[Event "Yerevan op-A 4th"]
[Site "Yerevan"]
[Date "2022.10.11"]
[Round "2"]
[White "Mchedlishvili, Mikheil"]
[Black "Davtyan, Arsen"]
[Result "1/2-1/2"]
[WhiteElo "2568"]
[BlackElo "2346"]
[PlyCount "67"]
[EventDate "2022.10.10"]
[EventType "swiss"]
[EventRounds "9"]
[EventCountry "ARM"]
[SourceTitle "CBM 210 Extra"]
[Source "ChessBase"]
[SourceDate "2022.11.30"]
[SourceVersion "1"]
[SourceVersionDate "2022.11.30"]
[SourceQuality "1"]

1. d4 d5 2. Nf3 Nf6 3. c3 e6 4. Bf4 c5 5. e3 Nc6 6. Nbd2 Bd6 7. Bg3 0-0 8. Bd3 Ne7 9. Qe2 Qc7 10. Rd1 Ng6 11. Bxg6 hxg6 12. Bxd6 Qxd6 13. Ne5 b6 14. h4 a5 15. Ndf3 Ba6 16. Qc2 cxd4 17. exd4 Nh5 18. Ng5 Nf4 19. g3 Nh5 20. f4 Nxg3 21. h5 Nxh1 22. hxg6 fxg6 23. Qh2 Rxf4 24. Qxf4 Rf8 25. Qh4 Rf2 26. Qh7+ Kf8 27. Qh8+ Ke7 28. Qxg7+ Ke8 29. Qxg6+ Ke7 30. Qh7+ Ke8 31. Qh5+ Ke7 32. Qh7+ Ke8 33. Qg6+ Ke7 34. Qh7+ 1/2-1/2

[Event "Wch U16"]
[Site "Mamaia"]
[Date "2022.09.16"]
[Round "11"]
[White "Davtyan, Arsen"]
[Black "Moldagali, Beksultan"]
[Result "1-0"]
[WhiteElo "2327"]
[BlackElo "1848"]
[PlyCount "87"]
[EventDate "2022.09.06"]
[EventType "swiss"]
[EventRounds "11"]
[EventCountry "ROU"]
[SourceTitle "CBM 210 Extra"]
[Source "ChessBase"]
[SourceDate "2022.11.30"]
[SourceVersion "1"]
[SourceVersionDate "2022.11.30"]
[SourceQuality "1"]

1. d4 Nf6 2. c4 e6 3. Nc3 Bb4 4. f3 d5 5. a3 Bxc3+ 6. bxc3 c5 7. cxd5 Nxd5 8. dxc5 Qa5 9. e4 Ne7 10. Be3 0-0 11. Qb3 Qc7 12. a4 Nd7 13. Qa3 Nc6 14. a5 f5 15. Nh3 fxe4 16. fxe4 Nf6 17. Nf2 Bd7 18. Be2 Ne5 19. 0-0 Bc6 20. Qb4 a6 21. Kh1 Qf7 22. Bf4 Nfd7 23. Bg3 Qg6 24. Qd4 Nf7 25. Bc4 Rad8 26. Qe3 h6 27. Rad1 Ng5 28. Rde1 Kh8 29. Bd6 Rfe8 30. Qg3 Qh7 31. e5 Qc2 32. h4 Nh7 33. Nh3 Ndf8 34. Nf4 Rd7 35. Bd3 Qxc3 36. Ng6+ Kg8 37. Nxf8 Qd2 38. Bxh7+ Kh8 39. Nxd7 Kxh7 40. Nf8+ Kg8 41. Ng6 Qc2 42. Ne7+ Kh8 43. Rf7 Qh7 44. Ref1 1-0

[Event "Wch U16"]
[Site "Mamaia"]
[Date "2022.09.12"]
[Round "7"]
[White "Davtyan, Arsen"]
[Black "Nguyen, Quoc Hy"]
[Result "1-0"]
[WhiteElo "2327"]
[BlackElo "2268"]
[PlyCount "101"]
[EventDate "2022.09.06"]
[EventType "swiss"]
[EventRounds "11"]
[EventCountry "ROU"]
[SourceTitle "CBM 210 Extra"]
[Source "ChessBase"]
[SourceDate "2022.11.30"]
[SourceVersion "1"]
[SourceVersionDate "2022.11.30"]
[SourceQuality "1"]

1. e4 c5 2. Nf3 d6 3. Bb5+ Nd7 4. Ba4 Ngf6 5. Qe2 e6 6. 0-0 Be7 7. c4 0-0 8. Nc3 Ne5 9. Nxe5 dxe5 10. d3 Bd7 11. Bc2 Bc6 12. f4 exf4 13. Bxf4 Nd7 14. Qe3 h6 15. Rae1 Bg5 16. e5 Bxf4 17. Rxf4 Qg5 18. Re2 f5 19. a3 Rfd8 20. b4 Nf8 21. h4 Qe7 22. bxc5 Ng6 23. d4 Nxf4 24. Qxf4 b6 25. Rd2 bxc5 26. d5 Be8 27. Rd3 Rab8 28. Rg3 Rb2 29. Bd3 Rb3 30. Bc2 Rxa3 31. dxe6 Ra1+ 32. Kf2 Qxe6 33. Bxf5 Qb6 34. Rf3 Bh5 35. Re3 Qb2+ 36. Kg3 Ra3 37. Nd5 Rxe3+ 38. Nxe3 Qd4 39. Be4 Bf7 40. Nf5 Qc3+ 41. Kh2 Re8 42. Nxh6+ gxh6 43. Bh7+ Kg7 44. Qf6+ Kxh7 45. Qxf7+ Kh8 46. Qxe8+ Kg7 47. Qe7+ Kg6 48. Qf6+ Kh5 49. g3 Qd3 50. Kh3 Qe4 51. Qf7+ 1-0

[Event "Wch U16"]
[Site "Mamaia"]
[Date "2022.09.07"]
[Round "2"]
[White "Kanov, Nikola"]
[Black "Davtyan, Arsen"]
[Result "1/2-1/2"]
[WhiteElo "2176"]
[BlackElo "2327"]
[PlyCount "134"]
[EventDate "2022.09.06"]
[EventType "swiss"]
[EventRounds "11"]
[EventCountry "ROU"]
[SourceTitle "CBM 210 Extra"]
[Source "ChessBase"]
[SourceDate "2022.11.30"]
[SourceVersion "1"]
[SourceVersionDate "2022.11.30"]
[SourceQuality "1"]

1. e4 e5 2. Nf3 Nc6 3. Bc4 Bc5 4. d3 Nf6 5. c3 d6 6. 0-0 a5 7. a4 0-0 8. h3 h6 9. Re1 Be6 10. Nbd2 Ba7 11. Bxe6 fxe6 12. Qb3 Qd7 13. Nc4 Nh5 14. Be3 Bxe3 15. Rxe3 Nf4 16. h4 Ne7 17. g3 Nh5 18. Rd1 Nf6 19. d4 Ng4 20. Red3 exd4 21. cxd4 Rfb8 22. Rc3 b5 23. axb5 a4 24. Qa2 Rxb5 25. Rdc1 Ra7 26. b3 Rbb7 27. bxa4 Rxa4 28. Qe2 Nf6 29. Qc2 Raa7 30. Ne3 Qe8 31. Kg2 Qa8 32. Qd3 Qd8 33. R3c2 Qd7 34. e5 dxe5 35. Nxe5 Qd6 36. Nc6 Ra3 37. Nxe7+ Qxe7 38. Qg6 Qd7 39. Rd2 Rb5 40. Rcc2 h5 41. Ra2 Rbb3 42. Rxa3 Rxa3 43. Rb2 Ra8 44. Rd2 c5 45. Qd3 Rd8 46. Qc4 cxd4 47. Nc2 d3 48. Nb4 Rc8 49. Qa6 Rb8 50. Rxd3 Qe8 51. Nc6 Ra8 52. Qxa8 Qxa8 53. Rd8+ Qxd8 54. Nxd8 e5 55. Kf3 e4+ 56. Ke3 Ng4+ 57. Ke2 Nh6 58. Ne6 Nf5 59. Nf4 e3 60. Nxh5 exf2 61. Kxf2 Kh7 62. Nf4 Kh6 63. h5 Kg5 64. Kf3 Nd4+ 65. Ke4 Nf5 66. Nh3+ Kg4 67. Nf2+ Kg5 1/2-1/2